[Event "Chigorin Memorial 28th"]
[Site "St Petersburg"]
[Date "2021.10.31"]
[Round "9"]
[White "Moiseeva, Olesya"]
[Black "Verbin, Valentina"]
[Result "1/2-1/2"]
[WhiteElo "1840"]
[BlackElo "2023"]
[PlyCount "94"]
[EventDate "2021.10.23"]
[EventType "swiss"]
[EventRounds "9"]
[EventCountry "RUS"]
[SourceTitle "EXT 2023"]
[Source "ChessBase"]
[SourceDate "2022.10.05"]
[SourceVersion "1"]
[SourceVersionDate "2022.10.05"]
[SourceQuality "1"]

1. e4 c5 2. Nf3 d6 3. d4 cxd4 4. Nxd4 Nf6 5. Nc3 a6 6. Be2 e5 7. Nb3 Be7 8. a4 0-0 9. Be3 Be6 10. 0-0 Nc6 11. f3 Nb4 12. a5 Rc8 13. f4 exf4 14. Bb6 Qe8 15. Rxf4 d5 16. Nd4 dxe4 17. Nxe4 Nbd5 18. Nxf6+ Bxf6 19. Re4 Nxb6 20. axb6 Bxd4+ 21. Qxd4 Rxc2 22. Rd1 Qc6 23. Re5 Rc1 24. h3 Rxd1+ 25. Bxd1 Qc8 26. Rc5 Qd8 27. Qxd8 Rxd8 28. Bf3 Rd6 29. Rc7 Rxb6 30. Rxb7 Rxb7 31. Bxb7 a5 32. Kf2 Kf8 33. Ke3 Ke7 34. Kd4 Kd6 35. h4 h6 36. Bf3 g6 37. g3 f5 38. Bg2 g5 39. hxg5 hxg5 40. Bf3 Bd7 41. Be2 Bc6 42. Bc4 f4 43. gxf4 gxf4 44. b3 f3 45. Bf1 Bb7 46. Bc4 Bc6 47. Bf1 Bb7 1/2-1/2

[Event "Chigorin Memorial 28th"]
[Site "St Petersburg"]
[Date "2021.10.30"]
[Round "8"]
[White "Andreev, Konstantin1111"]
[Black "Moiseeva, Olesya"]
[Result "1-0"]
[WhiteElo "2064"]
[BlackElo "1840"]
[PlyCount "61"]
[EventDate "2021.10.23"]
[EventType "swiss"]
[EventRounds "9"]
[EventCountry "RUS"]
[SourceTitle "EXT 2023"]
[Source "ChessBase"]
[SourceDate "2022.10.05"]
[SourceVersion "1"]
[SourceVersionDate "2022.10.05"]
[SourceQuality "1"]

1. e4 d5 2. exd5 Qxd5 3. Nc3 Qa5 4. d4 Nf6 5. Nf3 c6 6. Bc4 Bg4 7. h3 Bxf3 8. Qxf3 e6 9. Bd2 Qb6 10. 0-0-0 Nbd7 11. Rhe1 0-0-0 12. Bf4 Qa5 13. Bb3 Bb4 14. Bd2 Qc7 15. a3 Bd6 16. g4 Nb6 17. Kb1 Nfd5 18. Ne2 c5 19. c4 Nf6 20. g5 Ne8 21. Be3 Rd7 22. Nc3 a6 23. Ne4 cxd4 24. Bxd4 Be5 25. Bxe5 Qxe5 26. Nd6+ Qxd6 27. Rxd6 Nxd6 28. c5 Nf5 29. cxb6 Rd6 30. Bc2 g6 31. Qc3+ 1-0

[Event "Chigorin Memorial 28th"]
[Site "St Petersburg"]
[Date "2021.10.26"]
[Round "4"]
[White "Zverolovlev, Igor"]
[Black "Moiseeva, Olesya"]
[Result "1/2-1/2"]
[WhiteElo "2089"]
[BlackElo "1840"]
[PlyCount "95"]
[EventDate "2021.10.23"]
[EventType "swiss"]
[EventRounds "9"]
[EventCountry "RUS"]
[SourceTitle "EXT 2023"]
[Source "ChessBase"]
[SourceDate "2022.10.05"]
[SourceVersion "1"]
[SourceVersionDate "2022.10.05"]
[SourceQuality "1"]

1. d4 Nf6 2. c4 e6 3. Nf3 Bb4+ 4. Bd2 Bxd2+ 5. Qxd2 Ne4 6. Qc2 f5 7. Nc3 d5 8. e3 0-0 9. cxd5 Nxc3 10. bxc3 exd5 11. Bd3 Be6 12. 0-0 Nd7 13. Rfb1 Rb8 14. a4 Kh8 15. a5 a6 16. c4 c6 17. c5 f4 18. Bxh7 Bg4 19. Ne1 fxe3 20. f3 Qh4 21. Bd3 Bh5 22. g3 Qf6 23. g4 Bf7 24. Qg2 g6 25. Ra4 Kg7 26. Nc2 Rfe8 27. Re1 Qg5 28. Qg3 b6 29. axb6 Nxb6 30. cxb6 Rxb6 31. h4 Qf6 32. g5 Qd8 33. Rxe3 Rb1+ 34. Bf1 Qb6 35. Rxe8 Bxe8 36. Qe5+ Kf8 37. Qd6+ Kf7 38. Rb4 Rxb4 39. Qxb4 Qc7 40. Kg2 a5 41. Qa3 Bd7 42. Ne3 Qf4 43. Kf2 Qxh4+ 44. Ke2 Qxd4 45. Qxa5 Qb2+ 46. Qd2 Qe5 47. Kf2 Qxg5 48. Qd4 1/2-1/2

[Event "Chigorin Memorial 28th"]
[Site "St Petersburg"]
[Date "2021.10.25"]
[Round "3"]
[White "Moiseeva, Olesya"]
[Black "Novozhilov, Semen"]
[Result "1/2-1/2"]
[WhiteElo "1840"]
[BlackElo "2106"]
[PlyCount "114"]
[EventDate "2021.10.23"]
[EventType "swiss"]
[EventRounds "9"]
[EventCountry "RUS"]
[SourceTitle "EXT 2023"]
[Source "ChessBase"]
[SourceDate "2022.10.05"]
[SourceVersion "1"]
[SourceVersionDate "2022.10.05"]
[SourceQuality "1"]

1. e4 c5 2. Nf3 Nc6 3. d4 cxd4 4. Nxd4 Nf6 5. Nc3 d6 6. Be2 e5 7. Nb3 Be7 8. 0-0 0-0 9. f4 h6 10. f5 a5 11. Bb5 Qb6+ 12. Kh1 Na7 13. Bc4 a4 14. Nd5 Nxd5 15. Bxd5 Bf6 16. Nd2 Nc6 17. Nc4 Qc7 18. Nxd6 Nb4 19. c4 Nxd5 20. Qxd5 Ra5 21. Nb5 Qc6 22. Bd2 Ra8 23. Bb4 Rd8 24. Nd6 Qc7 25. c5 Ra6 26. Rfd1 Rc6 27. a3 Bg5 28. Rd3 b6 29. cxb6 Rxb6 30. Qxe5 Bf6 31. Qg3 Bxb2 32. Re1 Qc6 33. e5 f6 34. e6 Bd7 35. exd7 Be5 36. Rxe5 fxe5 37. f6 Rxd7 38. f7+ Rxf7 39. Nxf7 Rxb4 40. Rd1 Rd4 41. Re1 Kxf7 42. Qxe5 Rd5 43. Qf4+ Kg8 44. h3 Rg5 45. Re2 Qd7 46. Kh2 Qc6 47. Rf2 Qc5 48. Rf3 Qc2 49. Rf2 Qb3 50. Rf3 Qb2 51. Rg3 Rxg3 52. Qxg3 Qb3 53. Qd6 Kf7 54. g4 g5 55. Kg2 Qc4 56. Qd7+ Kf6 57. Qd6+ Kf7 1/2-1/2

[Event "Moscow op (Women) 16th"]
[Site "Moscow"]
[Date "2020.02.01"]
[Round "8"]
[White "Petrova, Irina"]
[Black "Moiseeva, Olesya"]
[Result "0-1"]
[WhiteElo "2109"]
[BlackElo "1983"]
[PlyCount "82"]
[EventDate "2020.01.25"]
[EventType "swiss"]
[EventRounds "9"]
[EventCountry "RUS"]
[SourceTitle "CBM 194 Extra"]
[Source "ChessBase"]
[SourceDate "2020.03.31"]
[SourceVersion "1"]
[SourceVersionDate "2020.03.31"]
[SourceQuality "1"]

1. d4 Nf6 2. Bg5 d5 3. Nd2 Nbd7 4. Ngf3 e6 5. e3 Be7 6. Bd3 0-0 7. Ne5 Nxe5 8. dxe5 Nd7 9. Bf4 f5 10. exf6 Nxf6 11. 0-0 c5 12. c3 Bd6 13. Nf3 Qc7 14. Bxd6 Qxd6 15. Qc2 e5 16. Rad1 e4 17. Bxe4 Nxe4 18. c4 Nf6 19. cxd5 Bg4 20. e4 Bxf3 21. gxf3 Nh5 22. Qb3 b6 23. Kh1 Rf4 24. Qc3 Rh4 25. e5 Qh6 26. f4 Nxf4 27. Qg3 Rh3 28. Qg1 Qh5 29. f3 Qxe5 30. d6 Rd8 31. d7 Qf5 32. Qe3 Ne6 33. Rfe1 Nf8 34. Qb3+ Kh8 35. Re8 Qf4 36. Qc2 Qxf3+ 37. Kg1 Rh5 38. Rd2 Rxd7 39. Rf2 Rg5+ 40. Kf1 Rd1+ 41. Re1 Rg1+ 0-1

[Event "Moscow op (Women) 16th"]
[Site "Moscow"]
[Date "2020.01.27"]
[Round "3"]
[White "Moiseeva, Olesya"]
[Black "Alekseenko, Mariya"]
[Result "1-0"]
[WhiteElo "1983"]
[BlackElo "1721"]
[PlyCount "149"]
[EventDate "2020.01.25"]
[EventType "swiss"]
[EventRounds "9"]
[EventCountry "RUS"]
[SourceTitle "CBM 194 Extra"]
[Source "ChessBase"]
[SourceDate "2020.03.31"]
[SourceVersion "1"]
[SourceVersionDate "2020.03.31"]
[SourceQuality "1"]

1. e4 c5 2. Nf3 e6 3. d4 cxd4 4. Nxd4 Nc6 5. Nc3 Qc7 6. Be2 Nf6 7. 0-0 a6 8. Bg5 Be7 9. Kh1 b5 10. a3 Bb7 11. f4 d6 12. f5 e5 13. Nb3 h6 14. Be3 Nb8 15. Bf3 Nbd7 16. Qe1 Nh7 17. h4 Nhf6 18. Qg3 h5 19. Bg5 Nc5 20. Nxc5 dxc5 21. Rad1 b4 22. Nd5 Nxd5 23. exd5 Bd6 24. f6 g6 25. Rfe1 0-0-0 26. Qf2 Kb8 27. Be4 Rd7 28. Be3 a5 29. axb4 axb4 30. Ra1 Rhd8 31. c3 b3 32. Ra3 Qb6 33. Qe2 Bf8 34. Qc4 Qxf6 35. Bg5 Qd6 36. Bxd8 Rxd8 37. Rxb3 f5 38. Bd3 Kc8 39. Qb5 Qxd5 40. Bf1 Bd6 41. Rd1 Qe4 42. Qc4 Qxc4 43. Bxc4 e4 44. Bf7 e3 45. c4 e2 46. Re1 Bg3 47. Rxg3 Rd1 48. Kg1 Rxe1+ 49. Kf2 Rb1 50. Kxe2 Rxb2+ 51. Kf1 f4 52. Rxg6 Rb1+ 53. Kf2 Rh1 54. Rg5 Rxh4 55. Rxc5+ Kd8 56. Bxh5 Rh1 57. Bf3 Bc8 58. Rd5+ Kc7 59. Rd4 Rc1 60. Rxf4 Be6 61. Be2 Kd6 62. Re4 Bf5 63. Rd4+ Ke5 64. Rd5+ Kf6 65. g4 Be6 66. g5+ Ke7 67. Rd4 Rc3 68. Re4 Rc2 69. Ke3 Kd6 70. g6 Rc3+ 71. Kf4 Bg8 72. g7 Kd7 73. Kg5 Kd8 74. Bh5 Bxc4 75. Rxc4 1-0

[Event "EU-ch U14 Girls 27th"]
[Site "Mamaia"]
[Date "2017.09.14"]
[Round "9"]
[White "Hovhannisyan, Mane"]
[Black "Moiseeva, Olesya"]
[Result "1-0"]
[WhiteElo "1609"]
[BlackElo "1757"]
[PlyCount "121"]
[EventDate "2017.09.05"]
[EventType "swiss"]
[EventRounds "9"]
[EventCountry "ROU"]
[SourceTitle "EXT 2018"]
[Source "ChessBase"]
[SourceDate "2017.10.13"]
[SourceVersion "1"]
[SourceVersionDate "2017.10.13"]
[SourceQuality "1"]

1. c4 c5 2. Nf3 e6 3. Nc3 Nc6 4. g3 d5 5. cxd5 exd5 6. d4 cxd4 7. Nxd4 Bb4 8. Be3 Bxc3+ 9. bxc3 Nf6 10. Bg2 0-0 11. 0-0 Be6 12. Rb1 Qd7 13. Qb3 Na5 14. Qb4 b6 15. Rfd1 Rac8 16. Bg5 Rc4 17. Qb2 Ng4 18. e4 dxe4 19. Bxe4 Qc8 20. Rbc1 Ra4 21. Bb1 Qc5 22. Qc2 g6 23. Qxa4 Qxg5 24. Nf3 Qh5 25. Qf4 Qh3 26. Bd3 Qh5 27. c4 Rc8 28. Bf1 Qc5 29. Rd2 f5 30. h3 Nf6 31. Ne5 Ne4 32. Nd3 Qc6 33. Rdc2 Qd7 34. c5 b5 35. Nb4 Bc4 36. Bxc4+ Nxc4 37. c6 Qe7 38. Rxc4 bxc4 39. Rxc4 a5 40. Nd5 Qe6 41. Nb6 Re8 42. Rc2 Nd6 43. Kh2 Nc8 44. Qd4 f4 45. gxf4 Nxb6 46. Qxb6 Qe4 47. Qb3+ Kg7 48. Rc4 Qe2 49. Kg2 Qe6 50. Qc3+ Kh6 51. c7 Qd5+ 52. Kh2 Re2 53. Kg3 Re1 54. Qxe1 Qxc4 55. Qe7 Qc3+ 56. Kh2 Qc2 57. Kg2 Qc6+ 58. Kg3 Qc3+ 59. Kh4 Qh8 60. Qg5+ Kg7 61. Qe5+ 1-0

[Event "EU-ch U14 Girls 27th"]
[Site "Mamaia"]
[Date "2017.09.09"]
[Round "5"]
[White "Avelino, Camila Biscaya"]
[Black "Moiseeva, Olesya"]
[Result "1/2-1/2"]
[WhiteElo "1609"]
[BlackElo "1757"]
[PlyCount "74"]
[EventDate "2017.09.05"]
[EventType "swiss"]
[EventRounds "9"]
[EventCountry "ROU"]
[SourceTitle "EXT 2018"]
[Source "ChessBase"]
[SourceDate "2017.10.13"]
[SourceVersion "1"]
[SourceVersionDate "2017.10.13"]
[SourceQuality "1"]

1. e4 d5 2. exd5 Qxd5 3. Nc3 Qa5 4. d4 Nf6 5. Bc4 c6 6. h3 Bf5 7. Nf3 Nbd7 8. Bd2 Qc7 9. Bb3 e6 10. 0-0 Bd6 11. Re1 0-0-0 12. a4 h6 13. Qe2 g5 14. Rad1 g4 15. Ne5 gxh3 16. g3 Rdg8 17. Bf4 h5 18. Kh1 h4 19. Nxf7 Bxf4 20. gxf4 Qxf4 21. Qe3 Qxe3 22. Rxe3 Ng4 23. Re2 Kc7 24. Nxh8 Rxh8 25. f3 Ngf6 26. Bxe6 Bxe6 27. Rxe6 Rg8 28. Rg1 Rf8 29. Kh2 Nh5 30. Rh6 Rf5 31. Kxh3 Rxf3+ 32. Kxh4 Nhf6 33. Rhg6 Rf4+ 34. Kg5 Rf2 35. Rc1 Kd8 36. Kh4 Rf4+ 37. Kh3 Rxd4 1/2-1/2

[Event "EU-ch U14 Girls 27th"]
[Site "Mamaia"]
[Date "2017.09.05"]
[Round "1"]
[White "Eizaguerri Floris, Maria"]
[Black "Moiseeva, Olesya"]
[Result "1-0"]
[WhiteElo "2098"]
[BlackElo "1757"]
[PlyCount "49"]
[EventDate "2017.09.05"]
[EventType "swiss"]
[EventRounds "9"]
[EventCountry "ROU"]
[SourceTitle "CBM 180 Extra"]
[Source "ChessBase"]
[SourceDate "2017.10.06"]
[SourceVersion "1"]
[SourceVersionDate "2017.10.06"]
[SourceQuality "1"]

1. e4 e5 2. Nf3 Nf6 3. Nxe5 d6 4. Nf3 Nxe4 5. Bd3 Nc5 6. Be2 d5 7. d4 Ne4 8. 0-0 Bd6 9. Bd3 Be6 10. Re1 f5 11. Ng5 Nxg5 12. Bxg5 Qxg5 13. Rxe6+ Kf7 14. Rxd6 cxd6 15. Nc3 Nc6 16. Nxd5 Rad8 17. c3 Ne7 18. Qb3 Rhe8 19. Nc7+ Kg6 20. Nxe8 Rxe8 21. Qe6+ Qf6 22. Bxf5+ Nxf5 23. Qxe8+ Qf7 24. Qxf7+ Kxf7 25. Re1 1-0